| 000 | 00518nam a2200205Ia 4500 | ||
|---|---|---|---|
| 003 | 0100 | ||
| 008 | 130303s9999 xx 000 0 und d | ||
| 040 | _cARRUPELIB | ||
| 050 | _aBS1515.2.A52 | ||
| 100 | _aAnderson, Bernhard W | ||
| 245 | 4 | _aThe eighth century prophets | |
| 245 | _bAmos, Hosea, Isaiah, Micah | ||
| 260 | _aPhiladelphia PA | ||
| 260 | _bFortress Pr. | ||
| 260 | _C1978 | ||
| 300 | _a111p | ||
| 440 | _aProclamation commentaries | ||
| 650 | _bCatholic Church--Zimbabwe--History | ||
| 942 | 0 | 0 | _01 |
| 999 |
_c27347 _d27347 |
||